Sports Quiz

Random Sports or Baseball Quiz

Ray cant do THIS Quiz Stats

 Plays Quiz not verified by Sporcle

Score 0/122 Timer 12:00
0 Plays Today
% Correct
Tampa Bay Buccaneers
100%
New York Giants
100%
Oakland Raiders
100%
Seattle Seahawks
100%
San Francisco Giants
100%
Cincinnati Reds
100%
Chicago Bears
93.8%
Pittsburgh Steelers
93.8%
Tennessee Titans
93.8%
Green Bay Packers
93.8%
Carolina Panthers
93.8%
New Orleans Saints
93.8%
San Francisco 49ers
93.8%
Philadelphia Eagles
93.8%
New York Jets
93.8%
Miami Dolphins
93.8%
Dallas Cowboys
93.8%
New England Patriots
93.8%
Baltimore Orioles
93.8%
Detroit Tigers
93.8%
Texas Rangers
93.8%
Philadelphia Phillies
93.8%
Seattle Mariners
93.8%
Oakland Athletics
93.8%
Cleveland Indians
93.8%
Milwaukee Brewers
93.8%
New York Mets
93.8%
Houston Astros
93.8%
Toronto Blue Jays
93.8%
New York Yankees
93.8%
Florida Panthers
93.8%
New York Rangers
93.8%
Winnipeg Jets
93.8%
Chicago Blackhawks
93.8%
Baltimore Ravens
87.5%
Atlanta Falcons
87.5%
Indianapolis Colts
87.5%
Washington Redskins
87.5%
San Diego Chargers
87.5%
Jacksonville Jaguars
87.5%
Buffalo Bills
87.5%
% Correct
Arizona Cardinals
87.5%
St. Louis Rams
87.5%
Houston Texans
87.5%
Denver Broncos
87.5%
Arizona Diamondbacks
87.5%
Boston Red Sox
87.5%
Chicago Cubs
87.5%
Chicago White Sox
87.5%
Pittsburgh Pirates
87.5%
Colorado Rockies
87.5%
Los Angeles Angels of Anaheim
87.5%
Kansas City Royals
87.5%
St Louis Cardinals
87.5%
Tampa Bay Rays
87.5%
Miami Marlins
87.5%
Boston Celtics
87.5%
Miami Heat
87.5%
Los Angeles Lakers
87.5%
Los Angeles Clippers
87.5%
San Antonio Spurs
87.5%
Philadelphia 76ers
87.5%
Minnesota Vikings
81.3%
Detroit Lions
81.3%
Atlanta Braves
81.3%
Lost Angeles Dodgers
81.3%
Washington Nationals
81.3%
Atlanta Hawks
81.3%
Chicago Bulls
81.3%
Sacramento Kings
81.3%
Toronto Raptors
81.3%
Los Angeles Kings
81.3%
Pittsburgh Penguins
81.3%
Montreal Canadiens
81.3%
Kansas City Chiefs
75%
Cleveland Browns
75%
Cincinnati Bengals
75%
Minnesota Twins
75%
Orlando Magic
75%
Oklahoma City Thunder
75%
New York Knicks
75%
Charlotte Bobcats
75%
% Correct
New Jersey Nets
75%
Golden State Warriors
75%
Utah Jazz
75%
Edmonton Oilers
75%
Boston Bruins
75%
Calgary Flames
75%
Dallas Stars
75%
Vancouver Canucks
75%
Toronto Maple Leafs
75%
San Diego Padres
68.8%
Memphis Grizzlies
68.8%
Houston Rockets
68.8%
Dallas Mavericks
68.8%
Washington Wizards
68.8%
Milwaukee Bucks
68.8%
Phoenix Suns
68.8%
Detroit Red Wings
68.8%
Anaheim Ducks
68.8%
Washington Capitals
68.8%
St Louis Blues
68.8%
Carolina Hurricanes
68.8%
Colorado Avalanche
68.8%
Minnesota Wild
68.8%
Minnesota Timberwolves
62.5%
Detroit Pistons
62.5%
Cleveland Cavaliers
62.5%
New York Islanders
62.5%
New Jersey Devils
62.5%
Philadelphia Flyers
62.5%
Nashville Predators
62.5%
Ottawa Senators
62.5%
Phoenix Coyotes
62.5%
Indiana Pacers
56.3%
New Orleans Hornets
56.3%
Portland Trail Blazers
56.3%
Denver Nuggets
56.3%
Tampa Bay Lightning
56.3%
Buffalo Sabres
56.3%
San Jose Sharks
56.3%
Columbus Blue Jackets
56.3%

You're not logged in!

Compare scores with friends on all Sporcle quizzes.
OR
Log In

You Might Also Like...

Show Comments

Extras

Top Quizzes Today


Score Distribution

Your Account Isn't Verified!

In order to create a playlist on Sporcle, you need to verify the email address you used during registration. Go to your Sporcle Settings to finish the process.

Report this User

Report this user for behavior that violates our Community Guidelines.

Details: